Speed Test-The Numbers from 1 to 100 - Statistics

General Stats
  • This quiz has been taken 1,705 times
  • The average score is 39 of 100
Answer Stats
Numbers % Correct
1
99%
2
99%
3
97%
4
97%
5
96%
6
94%
7
94%
8
93%
9
93%
11
85%
10
82%
12
80%
13
78%
14
76%
15
76%
17
75%
16
74%
18
73%
19
72%
21
72%
22
72%
20
71%
23
71%
24
67%
25
67%
26
65%
27
64%
28
64%
29
63%
33
63%
31
62%
30
60%
32
60%
34
56%
35
52%
36
51%
37
51%
38
51%
39
50%
40
49%
41
49%
43
49%
42
48%
44
47%
45
44%
46
40%
47
38%
48
36%
49
35%
50
34%
51
34%
55
33%
52
32%
53
32%
54
30%
56
28%
57
23%
58
20%
59
20%
66
19%
60
18%
61
17%
62
17%
63
16%
64
14%
65
14%
77
13%
67
12%
68
12%
99
12%
70
11%
71
11%
69
10%
72
10%
73
9%
88
9%
100
7%
92
7%
74
6%
75
6%
76
6%
78
6%
81
6%
82
6%
83
6%
91
6%
80
5%
93
5%
94
5%
98
5%
90
4%
95
4%
96
4%
97
4%
79
3%
84
3%
85
3%
89
3%
86
2%
87
1%
No matching quizzes found
Score Distribution
Percent of People with Each Score
Percentile by Number Answered
Your Score History
You have not taken this quiz